000 00971nam a22003137a 4500
003 CHAP
005 20220329140419.0
008 971013s1977 r 00010 d
010 _a51621
011 _a52593
035 _a56743
040 _cCHAP
082 _a574.87
_bR65
100 0 0 _aRoland, Jean-Claude.
_999416
245 _aAtlas of cell biology
260 _aBoston, Mass. :
_bLittle Brown,
_c1977
300 _a117 p.
_b: ilus.
590 _aBATCH-UPD
_b10
_c20130110
_lUCH01
_h0442
590 _aBATCH-UPD
_b10
_c20130410
_lUCH01
_h0118
590 _aBATCH-UPD
_b10
_c20130914
_lUCH01
_h0943
590 _aCONVERSION
_b10
_c20130109
_lUCH01
_h1328
650 1 4 _aCitologĂ­a.
_923489
700 0 _aSzollosi, Annette.
_9111186
700 0 _aSzollosi, Daniel.
_9111187
901 _aBK
942 _cLIBRO
949 _a574.87 R65
_bBC
_cC
_d33724000516944
_eC
_h55913
_i56743
_si
_t513.00
949 _a574.87 R65
_bBC
_cC
_d33724000516993
_eC
_fc.2
_h55914
_i56743
_si
_t513.00
999 _c51621
_d51621